Philo (Registro nro. 68114)
[ vista simple ]
| 000 -LÍDER | |
|---|---|
| Campo fijo de descripción fija | 00697cam a2200265 i 4500 |
| 001 - NÚMERO DE CONTROL | |
| Campo de control | 768714001 |
| 003 - IDENTIFICADOR DEL NÚMERO DE CONTROL | |
| Campo de control | CO-MdFUSB |
| 005 - FECHA Y HORA DE LA ULTIMA TRANSACCIÓN | |
| control field | 20220903102132.0 |
| 008 - ELEMENTOS DE LONGITUD FIJA -- INFORMACIÓN GENERAL | |
| Campo fijo de descripción fija -- Información general | 220903t1929 uk ||| |||| 00| 0 eng d |
| 020 ## - NÚMERO INTERNACIONAL NORMALIZADO PARA LIBROS | |
| Número Internacional Normalizado del libro | 978-0-674-99250-4 |
| 040 ## - FUENTE DE CATALOGACIÓN | |
| Idioma de catalogación | spa. |
| Agencia de catalogación original | CO-MdFUSB |
| Agencia que realiza la transcripción | CO-MdFUSB |
| Agencia que realiza la modificación | CO-MdFUSBC |
| Convenciones de la descripción | rda |
| 041 ## - CÓDIGO DE IDIOMA | |
| Código de idioma para texto/pista de sonido o título separado | spa |
| 082 ## - NÚMERO DE CLASIFICACIÓN DECIMAL DEWEY | |
| Número de clasificación | 888 |
| 100 0# - ASIENTO PRINCIPAL--NOMBRE PERSONAL | |
| Nombre personal | Filón, |
| Títulos u otras palabras asociadas al nombre | de Alejandría |
| Término relacionador | Autor |
| 245 ## - TÍTULO | |
| Título del Material | Philo |
| Parte restante del título - Subtitulo | Volume II |
| Mención de responsabilidad, etc. | / |
| 264 #1 - PRODUCCIÓN, PUBLICACIÓN, DISTRIBUCIÓN, MANUFACTURA, Y COPYRIGHT | |
| Lugar de producción, publicación, distribución, manufactura | England |
| Nombre del productor, publicador, distribuidor | Hardvard university Press, |
| Fecha de producción, publicación, distribución, manufactura, o copyright | [1929] |
| 264 #4 - PRODUCCIÓN, PUBLICACIÓN, DISTRIBUCIÓN, MANUFACTURA, Y COPYRIGHT | |
| Fecha de producción, publicación, distribución, manufactura, o copyright | © 1929 |
| 300 ## - DESCRIPCIÓN FÍSICA | |
| Dimensiones | ; |
| 336 ## - TIPO DE CONTENIDO | |
| Fuente | rdacontent |
| Término de tipo de contenido | texto |
| Código de tipo de contenido | txt |
| 337 ## - TIPO DE MEDIO | |
| Fuente | rdamedia |
| Nombre del tipo de medio | sin mediación |
| Código del tipo de medio | n |
| 338 ## - TIPO DE SOPORTE | |
| Fuente | rdacarrier |
| Nombre del tipo de soporte | volumen |
| Código Tipo de soporte | nc |
| 653 ## - TÉRMINO DE INDIZACIÓN - NO CONTROLADO | |
| Término no controlado | Filón |
| 942 ## - TIPO DE MATERIAL (KOHA) | |
| Tipo de Item KOHA | Libros de Referencia |
| 945 ## - INFORMACIÓN LOCAL DEL REGISTRO | |
| Catalogador | Estudiante |
No hay ítems disponibles.
